[Event "SV Hilden 1 - Bergische SF 1"]
[Site "NRW-Klasse - Gruppe 4 2019/20"]
[Date "2019.10.06"]
[Round "2.2"]
[White "Mrotzek, Alexander"]
[Black "Harringer, Manfred"]
[Result "0-1"]
[WhiteElo "1996"]
[BlackElo "2042"]
[PlyCount "88"]
[EventDate "2019.??.??"]
[SourceVersionDate "2020.03.16"]
[WhiteTeam "SV Hilden 1"]
[BlackTeam "Bergische SF 1"]

1. e4 e5 2. Nf3 Nc6 3. d4 exd4 4. Bc4 Nf6 5. O-O Nxe4 6. Re1 d5 7. Bxd5 Qxd5 8.
Nc3 Qa5 9. Nxe4 Be6 10. Neg5 O-O-O 11. Nxe6 fxe6 12. Rxe6 Bd6 13. Qe2 Qh5 14.
Bg5 Rdf8 15. Rxd6 cxd6 16. Qe6+ Kc7 17. Be7 Nxe7 18. Qxe7+ Kb8 19. Qxd6+ Ka8
20. Qxd4 g5 21. Qe5 Qg6 22. Rf1 Rhg8 23. Nd4 Qb6 24. Ne6 Rc8 25. c3 a6 26. b4
Ka7 27. Nc5 Qc6 28. Qd4 b6 29. Ne4 Rcd8 30. Qe3 Rge8 31. f3 g4 32. Re1 gxf3 33.
Qxf3 Re7 34. Re2 Rde8 35. Ng3 Qxf3 36. Rxe7+ Rxe7 37. gxf3 Re3 38. f4 Rxc3 39.
Kf2 Kb7 40. f5 Kc7 41. Ne4 Rc6 42. Kf3 Kd7 43. Kf4 Rh6 44. Nf6+ Rxf6 0-1

[Event "SV Hilden 1 - Bergische SF 1"]
[Site "NRW-Klasse - Gruppe 4 2019/20"]
[Date "2019.10.06"]
[Round "2.3"]
[White "Heckoetter, Christian"]
[Black "Payenberg, Dirk"]
[Result "1-0"]
[WhiteElo "1991"]
[BlackElo "1992"]
[PlyCount "43"]
[EventDate "2019.??.??"]
[SourceVersionDate "2020.03.16"]
[WhiteTeam "Bergische SF 1"]
[BlackTeam "SV Hilden 1"]

1. d4 Nf6 2. Bg5 c5 3. Bxf6 gxf6 4. d5 Qb6 5. Qc1 Bh6 6. e3 f5 7. c4 f4 8. exf4
Bxf4 9. Qxf4 Qxb2 10. Ne2 Qxa1 11. Nec3 d6 12. Qd2 Bf5 13. Be2 Rg8 14. g3 Bh3
15. f3 a6 16. Kf2 b5 17. cxb5 axb5 18. Bxb5+ Bd7 19. Bc4 Ra7 20. Re1 Rb7 21.
Qe3 Bf5 22. Nb5 1-0

[Event "SV Hilden 1 - Bergische SF 1"]
[Site "NRW-Klasse - Gruppe 4 2019/20"]
[Date "2019.10.06"]
[Round "2.4"]
[White "Kappelt, Joerg"]
[Black "Weiser, Hans-Josef"]
[Result "1/2-1/2"]
[WhiteElo "2005"]
[BlackElo "1965"]
[Annotator "Daniel"]
[PlyCount "72"]
[EventDate "2019.??.??"]
[SourceVersionDate "2020.03.16"]
[WhiteTeam "SV Hilden 1"]
[BlackTeam "Bergische SF 1"]

1. d4 d5 2. Nf3 c6 3. c3 Bf5 4. Bf4 e6 5. e3 Nf6 6. Nbd2 Nbd7 7. Be2 Be7 8. Ne5
Nxe5 9. Bxe5 Nd7 10. Bg3 c5 11. Nf3 Qb6 12. b3 Rc8 13. O-O O-O 14. c4 Nf6 15.
dxc5 Bxc5 16. Bh4 Be7 $11 17. cxd5 Nxd5 18. Bxe7 Nxe7 19. Qd4 Qxd4 20. Nxd4
Rfd8 21. Nxf5 Nxf5 22. Rac1 Kf8 23. a4 a5 24. g3 Ke7 25. Bf3 Nd6 26. h4 b6 27.
Kg2 Rxc1 28. Rxc1 Rc8 29. Rb1 Kd7 30. g4 Rc2 31. Bd1 Rc3 32. Bf3 Kc7 33. Kg3
Rc5 34. Kg2 Rc3 35. Kg3 Rc5 36. Kg2 Rc3 1/2-1/2

[Event "SV Hilden 1 - Bergische SF 1"]
[Site "NRW-Klasse - Gruppe 4 2019/20"]
[Date "2019.10.06"]
[Round "2.5"]
[White "Gelsok, Philipp"]
[Black "Glowatz, Christoph"]
[Result "1/2-1/2"]
[WhiteElo "1929"]
[BlackElo "1980"]
[PlyCount "72"]
[EventDate "2019.??.??"]
[SourceVersionDate "2020.03.16"]
[WhiteTeam "Bergische SF 1"]
[BlackTeam "SV Hilden 1"]

1. d4 Nf6 2. c4 e6 3. Nf3 d5 4. Nc3 Be7 5. Bg5 O-O 6. e3 h6 7. Bh4 b6 8. cxd5
Nxd5 9. Bxe7 Qxe7 10. Nxd5 exd5 11. Be2 Be6 12. O-O c5 13. dxc5 bxc5 14. Rc1
Nd7 15. b3 Rfb8 16. Ne1 Rd8 17. Nd3 Rac8 18. Nf4 Ne5 19. Nxe6 Qxe6 20. Bf3 d4
21. exd4 Nxf3+ 22. Qxf3 cxd4 23. Qd3 Rxc1 24. Rxc1 Qe5 25. h3 Qf4 26. Rd1 Qd6
27. g3 Qd5 28. a3 Re8 29. Kh2 Re4 30. Rc1 g6 31. b4 h5 32. Rc5 Qe6 33. Rc4 Qe5
34. Rc5 Qe6 35. Rc4 Qe5 36. Rc5 Qe6 1/2-1/2

[Event "SV Hilden 1 - Bergische SF 1"]
[Site "NRW-Klasse - Gruppe 4 2019/20"]
[Date "2019.10.06"]
[Round "2.6"]
[White "Schwab, Thomas"]
[Black "Eilers, Jochen"]
[Result "1/2-1/2"]
[WhiteElo "1938"]
[BlackElo "2003"]
[PlyCount "36"]
[EventDate "2019.??.??"]
[SourceVersionDate "2020.03.16"]
[WhiteTeam "SV Hilden 1"]
[BlackTeam "Bergische SF 1"]

1. e4 c5 2. Nf3 g6 3. d4 cxd4 4. Nxd4 Bg7 5. c4 Nc6 6. Nxc6 bxc6 7. Be2 d6 8.
O-O Nf6 9. Nc3 O-O 10. Be3 Nd7 11. Qd2 Qc7 12. b4 Bb7 13. Rab1 Rfd8 14. f4 c5
15. Nd5 Bxd5 16. cxd5 cxb4 17. Qxb4 Qc2 18. Qd2 Qxd2 1/2-1/2

[Event "SV Hilden 1 - Bergische SF 1"]
[Site "NRW-Klasse - Gruppe 4 2019/20"]
[Date "2019.10.06"]
[Round "2.7"]
[White "Thelen, Harm-Wulf"]
[Black "Hanke, Stefan"]
[Result "1-0"]
[WhiteElo "1931"]
[BlackElo "1955"]
[PlyCount "81"]
[EventDate "2019.??.??"]
[SourceVersionDate "2020.03.16"]
[WhiteTeam "Bergische SF 1"]
[BlackTeam "SV Hilden 1"]

1. c4 e6 2. g3 d5 3. d4 Nf6 4. Bg2 c6 5. Nf3 Be7 6. O-O O-O 7. Nc3 Nbd7 8. b3
b6 9. Re1 Bb7 10. Qd3 dxc4 11. bxc4 c5 12. d5 exd5 13. cxd5 Bd6 14. e4 Re8 15.
Bf4 Qb8 16. Bxd6 Qxd6 17. Nd2 Ng4 18. f4 c4 19. Nxc4 Qc5+ 20. Ne3 Rac8 21. Ncd1
Nxe3 22. Nxe3 Qa5 23. Qd4 Qc5 24. Qxc5 Nxc5 25. Nf5 Rcd8 26. Rad1 g6 27. Nh4
Bc8 28. h3 f6 29. e5 fxe5 30. fxe5 Bb7 31. Bf3 Rf8 32. g4 Rf4 33. Kg2 Ra4 34.
Rd2 Kf8 35. Re3 Ke8 36. Kg3 Rc8 37. Ng2 g5 38. Ne1 Ba6 39. e6 Bc4 40. d6 Bxe6
41. Rxe6+ 1-0

[Event "SV Hilden 1 - Bergische SF 1"]
[Site "NRW-Klasse - Gruppe 4 2019/20"]
[Date "2019.10.06"]
[Round "2.8"]
[White "Krause, Peter"]
[Black "Gutt, Oswald"]
[Result "1/2-1/2"]
[WhiteElo "1874"]
[BlackElo "1882"]
[PlyCount "87"]
[EventDate "2019.??.??"]
[SourceVersionDate "2020.03.16"]
[WhiteTeam "SV Hilden 1"]
[BlackTeam "Bergische SF 1"]

1. c4 e5 2. g3 Nf6 3. Bg2 c6 4. Nf3 e4 5. Nd4 d5 6. d3 Bb4+ 7. Bd2 Bxd2+ 8.
Qxd2 O-O 9. O-O Qb6 10. dxe4 Nxe4 11. Bxe4 dxe4 12. Nb3 Nd7 13. Qf4 Nf6 14. Nc3
Re8 15. Rad1 Bh3 16. c5 Qa6 17. Rfe1 Nd5 18. Nxd5 cxd5 19. Nd4 Be6 20. a3 Rac8
21. Rc1 Qa5 22. Rc3 Bd7 23. b4 Qa4 24. Rec1 a5 25. Rb1 axb4 26. axb4 Qa2 27.
Qc1 Ra8 28. Kg2 e3 29. Rb2 Qa6 30. Rxe3 Rxe3 31. Qxe3 Re8 32. Qd3 Qh6 33. Qd2
Bh3+ 34. Kg1 Ra8 35. Nb3 Qa6 36. Rb1 Qc4 37. Nd4 Ra2 38. Qd1 h6 39. Nf3 Rxe2
40. Rc1 Qe4 41. Rc3 d4 42. Re3 dxe3 43. Qxe2 Bg4 44. Kg2 1/2-1/2

[Event "SC Bonn Beuel 1 - SG Ennepe-Ruhr-Süd 1"]
[Site "NRW-Klasse - Gruppe 4 2019/20"]
[Date "2019.10.06"]
[Round "2.1"]
[White "Lupor, Stefan"]
[Black "Haag, Martin"]
[Result "1/2-1/2"]
[WhiteElo "2207"]
[BlackElo "2200"]
[PlyCount "120"]
[EventDate "2019.??.??"]
[SourceVersionDate "2020.03.16"]
[WhiteTeam "SG Ennepe-Ruhr-Süd 1"]
[BlackTeam "SC Bonn Beuel 1"]

1. e4 c5 2. Nf3 Nc6 3. d4 cxd4 4. Nxd4 e5 5. Nb5 d6 6. c4 Be7 7. Bd3 Nf6 8.
N5c3 O-O 9. O-O Be6 10. Nd5 Rc8 11. Nbc3 Ne8 12. Nxe7+ Qxe7 13. Nd5 Qd7 14. Be3
f5 15. exf5 Bxf5 16. Bxf5 Rxf5 17. Qd3 Rf7 18. Rfd1 Qg4 19. f3 Qh4 20. Rac1 Rd8
21. b4 a6 22. a4 Ne7 23. Bf2 Qg5 24. c5 Nxd5 25. Qxd5 Nf6 26. Qd2 Qxd2 27. Rxd2
d5 28. Re1 Re7 29. Bg3 Rde8 30. b5 axb5 31. axb5 Rc8 32. Rc2 Rec7 33. Rec1 Nd7
34. c6 bxc6 35. Rxc6 Rxc6 36. Rxc6 Rb8 37. Rd6 Rb7 38. Rxd5 Kf7 39. Rd1 Ke6 40.
Rb1 Kd5 41. Bf2 Kc4 42. b6 Kd5 43. Kf1 Kc6 44. Rc1+ Kd6 45. Rb1 Kc6 46. Ke2
Nxb6 47. Bxb6 Rxb6 48. Rxb6+ Kxb6 49. Ke3 Kc5 50. Ke4 Kd6 51. Kf5 Kd5 52. h4
Kd6 53. h5 Kd5 54. g4 Kd6 55. g5 Kd5 56. h6 g6+ 57. Kf6 Kd6 58. Kg7 Ke7 59.
Kxh7 Kf7 60. Kh8 Kf8 1/2-1/2

[Event "SC Bonn Beuel 1 - SG Ennepe-Ruhr-Süd 1"]
[Site "NRW-Klasse - Gruppe 4 2019/20"]
[Date "2019.10.06"]
[Round "2.2"]
[White "Hoppe, Thilo"]
[Black "Lupor, André"]
[Result "0-1"]
[WhiteElo "2126"]
[BlackElo "2206"]
[PlyCount "46"]
[EventDate "2019.??.??"]
[SourceVersionDate "2020.03.16"]
[WhiteTeam "SC Bonn Beuel 1"]
[BlackTeam "SG Ennepe-Ruhr-Süd 1"]

1. d4 Nf6 2. c4 g6 3. Nc3 d5 4. Nf3 Bg7 5. Qb3 dxc4 6. Qxc4 O-O 7. e4 a6 8. Qb3
c5 9. dxc5 Nc6 10. Be2 Be6 11. Qxb7 Qe8 12. Qc7 Rc8 13. Qf4 Nb4 14. O-O Rxc5
15. e5 Nfd5 16. Nxd5 Nxd5 17. Qh4 Bf5 18. Bxa6 Qc6 19. Be2 Rb8 20. a3 Qc7 21.
Qd4 Rd8 22. Rd1 Rd7 23. b4 Rc2 0-1

[Event "SC Bonn Beuel 1 - SG Ennepe-Ruhr-Süd 1"]
[Site "NRW-Klasse - Gruppe 4 2019/20"]
[Date "2019.10.06"]
[Round "2.3"]
[White "Arndt, Stefan"]
[Black "Lorenz, Roger"]
[Result "0-1"]
[WhiteElo "2155"]
[BlackElo "2162"]
[PlyCount "112"]
[EventDate "2019.??.??"]
[SourceVersionDate "2020.03.16"]
[WhiteTeam "SG Ennepe-Ruhr-Süd 1"]
[BlackTeam "SC Bonn Beuel 1"]

1. Nf3 d5 2. g3 g6 3. Bg2 Bg7 4. c4 c6 5. O-O Nf6 6. b3 e5 7. Bb2 e4 8. Ne1 O-O
9. d3 dxc4 10. bxc4 exd3 11. Nxd3 Na6 12. Nd2 Bf5 13. Nb3 Qe7 14. Re1 Rad8 15.
Qd2 Rfe8 16. Rad1 Rd7 17. Nd4 Be4 18. Nf3 Rdd8 19. Qa5 Bxd3 20. exd3 Qc5 21.
Qxc5 Nxc5 22. Bf1 Na4 23. Ba1 c5 24. Rb1 Rxe1 25. Nxe1 b6 26. Nc2 Ne8 27. Bxg7
Kxg7 28. Rb3 a6 29. Bg2 Rd6 30. Ne3 Nc7 31. Nd5 Nxd5 32. Bxd5 b5 33. Kf1 b4 34.
a3 a5 35. axb4 cxb4 36. d4 Nc3 37. Rxc3 bxc3 38. Ke2 Kf6 39. Kd3 Rxd5 40. cxd5
Ke7 41. Kxc3 Kd6 42. Kc4 f5 43. f4 a4 44. Kb4 Kxd5 45. Kxa4 Kxd4 46. Kb4 Ke3
47. Kc3 h6 48. Kc2 Ke2 49. Kc3 Ke3 50. Kc2 Kf2 51. Kd3 Kg2 52. Ke3 Kxh2 53. Kf2
Kh3 54. Kf3 h5 55. Kf2 Kg4 56. Kg2 h4 0-1

[Event "SC Bonn Beuel 1 - SG Ennepe-Ruhr-Süd 1"]
[Site "NRW-Klasse - Gruppe 4 2019/20"]
[Date "2019.10.06"]
[Round "2.4"]
[White "Gikas, Andreas Basilius"]
[Black "Tripolsky, Eugen"]
[Result "0-1"]
[WhiteElo "2183"]
[BlackElo "2211"]
[PlyCount "60"]
[EventDate "2019.??.??"]
[SourceVersionDate "2020.03.16"]
[WhiteTeam "SC Bonn Beuel 1"]
[BlackTeam "SG Ennepe-Ruhr-Süd 1"]

1. e4 g6 2. d4 Bg7 3. Nc3 d5 4. exd5 Nf6 5. Nf3 O-O 6. Be2 Nxd5 7. Nxd5 Qxd5 8.
c4 Qd6 9. h3 Nc6 10. Be3 Rd8 11. d5 Ne5 12. Qb3 a5 13. Nd4 a4 14. Qc2 c6 15.
O-O cxd5 16. cxd5 Qxd5 17. Rfd1 Bd7 18. Nf3 Qa5 19. Bd2 Qb6 20. Be3 Qxb2 21.
Qxb2 Nxf3+ 22. Bxf3 Bxb2 23. Bb6 Bxa1 24. Bxd8 Rxd8 25. Rxa1 Rb8 26. a3 b5 27.
Rd1 Be6 28. Rd4 b4 29. Be4 bxa3 30. Rxa4 a2 0-1

[Event "SC Bonn Beuel 1 - SG Ennepe-Ruhr-Süd 1"]
[Site "NRW-Klasse - Gruppe 4 2019/20"]
[Date "2019.10.06"]
[Round "2.5"]
[White "Heller, Achim"]
[Black "Rosskothen, Arnd"]
[Result "0-1"]
[WhiteElo "1993"]
[BlackElo "2045"]
[PlyCount "98"]
[EventDate "2019.??.??"]
[SourceVersionDate "2020.03.16"]
[WhiteTeam "SG Ennepe-Ruhr-Süd 1"]
[BlackTeam "SC Bonn Beuel 1"]

1. d4 Nf6 2. c4 g6 3. Nc3 d5 4. cxd5 Nxd5 5. e4 Nxc3 6. bxc3 Bg7 7. Bc4 c5 8.
Ne2 Nc6 9. Be3 O-O 10. O-O Bg4 11. f3 Bd7 12. Rc1 Rc8 13. dxc5 Qc7 14. f4 Na5
15. Bd3 Rcd8 16. Qc2 Be6 17. c4 Nc6 18. a3 Bg4 19. Rb1 Bxe2 20. Qxe2 Nd4 21.
Qf2 Qxc5 22. e5 b6 23. Be4 Qxc4 24. Rb4 Ne2+ 25. Kh1 Qa6 26. Rb3 Qa4 27. Bc2
Nd4 28. Bxd4 Qxd4 29. Qe2 e6 30. Be4 Rc8 31. Rd3 Qc4 32. Rfd1 Rc5 33. g3 a5 34.
Qf3 b5 35. g4 b4 36. axb4 Qxb4 37. Rd4 Qb2 38. g5 Rc1 39. Rxc1 Qxc1+ 40. Rd1
Qc5 41. Qb3 h6 42. gxh6 Bxh6 43. Rg1 Bg7 44. Ra1 Rd8 45. Qf3 Rd4 46. Rd1 Rxd1+
47. Qxd1 Qe3 48. Qd8+ Bf8 49. Bxg6 Qf3+ 0-1

[Event "SC Bonn Beuel 1 - SG Ennepe-Ruhr-Süd 1"]
[Site "NRW-Klasse - Gruppe 4 2019/20"]
[Date "2019.10.06"]
[Round "2.6"]
[White "Koch, Matthias"]
[Black "Arakelian, Aik"]
[Result "0-1"]
[WhiteElo "1950"]
[BlackElo "2022"]
[PlyCount "70"]
[EventDate "2019.??.??"]
[SourceVersionDate "2020.03.16"]
[WhiteTeam "SC Bonn Beuel 1"]
[BlackTeam "SG Ennepe-Ruhr-Süd 1"]

1. e4 c5 2. Nc3 e6 3. Qe2 Nc6 4. Nf3 Be7 5. g3 d5 6. d3 Nd4 7. Qd1 Nf6 8. Bg2
dxe4 9. dxe4 O-O 10. O-O Qb6 11. e5 Nd7 12. Re1 Rd8 13. Rb1 Nf8 14. Ne4 Nb3 15.
Qe2 Nxc1 16. Rexc1 Bd7 17. c4 Bc6 18. Re1 Qa5 19. b3 Rd7 20. Qb2 Rd3 21. Qe2
Rd7 22. Qb2 Rad8 23. Nf6+ gxf6 24. exf6 Bd6 25. Qc1 Ng6 26. h4 Bxf3 27. Bxf3
Kh8 28. h5 Bf4 29. gxf4 Nh4 30. Be4 Rd2 31. Rf1 Qc7 32. Rb2 Qxf4 33. Qxd2 Rg8+
34. Kh1 Nf3 35. Bxf3 Qh4# 0-1

[Event "SC Bonn Beuel 1 - SG Ennepe-Ruhr-Süd 1"]
[Site "NRW-Klasse - Gruppe 4 2019/20"]
[Date "2019.10.06"]
[Round "2.7"]
[White "Schaefer, Martin"]
[Black "Woeltge, Carsten"]
[Result "1/2-1/2"]
[WhiteElo "1872"]
[BlackElo "1879"]
[PlyCount "46"]
[EventDate "2019.??.??"]
[SourceVersionDate "2020.03.16"]
[WhiteTeam "SG Ennepe-Ruhr-Süd 1"]
[BlackTeam "SC Bonn Beuel 1"]

1. d4 Nf6 2. c4 g6 3. Nc3 Bg7 4. e4 d6 5. Be2 O-O 6. Bg5 Na6 7. h4 e5 8. d5 c6
9. h5 Qb6 10. Qd2 Nc5 11. Bxf6 Bxf6 12. hxg6 fxg6 13. O-O-O a5 14. Nf3 Bg4 15.
Rh2 Rf7 16. Kb1 a4 17. Qc2 Qb4 18. Ng1 Bxe2 19. Ngxe2 Rd8 20. f3 Qxc4 21. Qd2
a3 22. b3 Qb4 23. Qc2 Bg5 1/2-1/2

[Event "SC Bonn Beuel 1 - SG Ennepe-Ruhr-Süd 1"]
[Site "NRW-Klasse - Gruppe 4 2019/20"]
[Date "2019.10.06"]
[Round "2.8"]
[White "Oechtering, Marcus"]
[Black "Heinzemann, Thomas"]
[Result "1/2-1/2"]
[WhiteElo "1881"]
[BlackElo "1980"]
[PlyCount "81"]
[EventDate "2019.??.??"]
[SourceVersionDate "2020.03.16"]
[WhiteTeam "SC Bonn Beuel 1"]
[BlackTeam "SG Ennepe-Ruhr-Süd 1"]

1. d4 Nf6 2. c4 c5 3. d5 b5 4. a4 bxc4 5. Nc3 g6 6. e4 d6 7. Bxc4 Bg7 8. Nf3
O-O 9. O-O Nbd7 10. h3 Ne8 11. Bf4 Rb8 12. Qc2 Qa5 13. Rfb1 Rb4 14. Bf1 Qd8 15.
Bd2 a6 16. Nd1 Rb8 17. Bc3 f6 18. Ne3 Ne5 19. Nxe5 fxe5 20. b4 cxb4 21. Rxb4
Rxb4 22. Bxb4 Nf6 23. Nc4 Bh6 24. Ba5 Qe8 25. Nb6 Bb7 26. Ra3 Nd7 27. Nxd7 Qxd7
28. Rc3 Rc8 29. Rxc8+ Qxc8 30. Qb2 Bc1 31. Qb6 Ba3 32. Qb3 Bc1 33. Bb6 Bd2 34.
Ba7 Kg7 35. Bb6 Qc3 36. Qxc3 Bxc3 37. Bd3 Kf6 38. Bd8 Bd4 39. Kf1 Kf7 40. Bc4
Ke8 41. Ba5 1/2-1/2

[Event "SG Ennepe-Ruhr-Süd 1 - Godesberger SK "]
[Site "NRW-Klasse - Gruppe 4 2019/20"]
[Date "2019.11.03"]
[Round "3.1"]
[White "Mantau, Jan"]
[Black "Lupor, Stefan"]
[Result "1/2-1/2"]
[WhiteElo "2144"]
[BlackElo "2207"]
[Annotator "Daniel"]
[PlyCount "88"]
[EventDate "2019.??.??"]
[SourceVersionDate "2020.03.16"]
[WhiteTeam "Godesberger SK 2"]
[BlackTeam "SG Ennepe-Ruhr-Süd 1"]

1. e4 c6 2. d4 d5 3. Nc3 dxe4 4. Nxe4 Nd7 5. Nf3 Ngf6 6. Ng3 e6 7. Bc4 Be7 8.
O-O O-O 9. Qe2 Nb6 10. Bd3 c5 11. dxc5 Bxc5 12. Ne4 Be7 13. Rd1 Qc7 14. Nxf6+
Bxf6 15. Qe4 g6 16. Bf4 Qc5 17. Be5 Bxe5 18. Nxe5 Qe7 19. Rd2 f6 20. Nc4 e5 21.
Nxb6 axb6 22. Bc4+ Kh8 23. Rad1 Bf5 24. Qf3 Rac8 25. Bd5 Rxc2 26. Bb3 Rxd2 27.
Rxd2 Qb4 28. Qd1 Bg4 29. Qe1 Qe7 30. h3 $11 Bf5 31. Qd1 Rc8 32. Rd6 Rc1 33.
Qxc1 Qxd6 34. Qc4 Kg7 35. Qf7+ Kh6 36. Qxb7 Bd7 37. Qd5 Qc7 38. Kh2 Bf5 39. g3
Bd7 40. h4 Bc6 41. Qe6 f5 42. Qf6 Bf3 43. Qf8+ Kh5 44. Qf7 Qxf7 1/2-1/2

[Event "SG Ennepe-Ruhr-Süd 1 - Godesberger SK "]
[Site "NRW-Klasse - Gruppe 4 2019/20"]
[Date "2019.11.03"]
[Round "3.2"]
[White "Lupor, André"]
[Black "Gerusel, Mathias"]
[Result "1/2-1/2"]
[WhiteElo "2206"]
[BlackElo "2135"]
[PlyCount "24"]
[EventDate "2019.??.??"]
[SourceVersionDate "2020.03.16"]
[WhiteTeam "SG Ennepe-Ruhr-Süd 1"]
[BlackTeam "Godesberger SK 2"]

1. d4 d5 2. c4 dxc4 3. e4 e5 4. Nf3 exd4 5. Bxc4 Nc6 6. O-O Bc5 7. Ng5 Nh6 8.
Nxf7 Nxf7 9. Bxf7+ Kxf7 10. Qh5+ g6 11. Qxc5 Qe7 12. Qxe7+ Nxe7 1/2-1/2

[Event "SG Ennepe-Ruhr-Süd 1 - Godesberger SK "]
[Site "NRW-Klasse - Gruppe 4 2019/20"]
[Date "2019.11.03"]
[Round "3.3"]
[White "Mittmann, Johannes"]
[Black "Heller, Achim"]
[Result "1-0"]
[WhiteElo "2072"]
[BlackElo "1993"]
[PlyCount "55"]
[EventDate "2019.??.??"]
[SourceVersionDate "2020.03.16"]
[WhiteTeam "Godesberger SK 2"]
[BlackTeam "SG Ennepe-Ruhr-Süd 1"]

1. e4 c6 2. d4 d5 3. exd5 cxd5 4. c4 Nf6 5. Nc3 Nc6 6. Bg5 e6 7. Nf3 Be7 8. c5
O-O 9. Bb5 Ne4 10. Bxe7 Nxe7 11. Rc1 b6 12. c6 Qd6 13. O-O a6 14. Qa4 Bd7 15.
cxd7 axb5 16. Qxb5 Nxc3 17. Rxc3 Rxa2 18. Rfc1 Ra5 19. Qb3 Ra7 20. Ne5 f6 21.
Rc8 fxe5 22. Rxf8+ Kxf8 23. Rc8+ Kf7 24. Qf3+ Nf5 25. Qh5+ Kf6 26. dxe5+ Kxe5
27. f4+ Kd4 28. Qd1+ 1-0

[Event "SG Ennepe-Ruhr-Süd 1 - Godesberger SK "]
[Site "NRW-Klasse - Gruppe 4 2019/20"]
[Date "2019.11.03"]
[Round "3.4"]
[White "Bruchmann, Norbert"]
[Black "Roski, Ferdinand"]
[Result "0-1"]
[WhiteElo "2031"]
[BlackElo "2065"]
[PlyCount "46"]
[EventDate "2019.??.??"]
[SourceVersionDate "2020.03.16"]
[WhiteTeam "SG Ennepe-Ruhr-Süd 1"]
[BlackTeam "Godesberger SK 2"]

1. e4 c5 2. Nc3 Nc6 3. Bb5 Nd4 4. Bc4 e6 5. Nge2 Nxe2 6. Qxe2 Ne7 7. d3 Nc6 8.
O-O Be7 9. f4 O-O 10. a3 a6 11. Be3 b5 12. Ba2 Bb7 13. Rae1 Rc8 14. Qf2 Nd4 15.
Bb1 f5 16. Bxd4 cxd4 17. Ne2 fxe4 18. dxe4 Bc5 19. Nxd4 e5 20. c3 Rxf4 21. Qd2
Rxf1+ 22. Kxf1 exd4 23. cxd4 Qf6+ 0-1

[Event "SG Ennepe-Ruhr-Süd 1 - Godesberger SK "]
[Site "NRW-Klasse - Gruppe 4 2019/20"]
[Date "2019.11.03"]
[Round "3.5"]
[White "Hess, Olena"]
[Black "Arakelian, Aik"]
[Result "1/2-1/2"]
[WhiteElo "2049"]
[BlackElo "2014"]
[PlyCount "35"]
[EventDate "2019.??.??"]
[SourceVersionDate "2020.03.16"]
[WhiteTeam "Godesberger SK 2"]
[BlackTeam "SG Ennepe-Ruhr-Süd 1"]

1. Nf3 Nf6 2. c4 e6 3. Nc3 c5 4. g3 Nc6 5. d4 cxd4 6. Nxd4 Be7 7. Bg2 O-O 8.
O-O d5 9. cxd5 Nxd5 10. Nxd5 exd5 11. Nxc6 bxc6 12. Be3 Be6 13. Rc1 Qa5 14.
Rxc6 Qxa2 15. Bd4 Rac8 16. Qc2 h6 17. e3 a5 18. h4 1/2-1/2

[Event "SG Ennepe-Ruhr-Süd 1 - Godesberger SK "]
[Site "NRW-Klasse - Gruppe 4 2019/20"]
[Date "2019.11.03"]
[Round "3.6"]
[White "Nasoyan, Maksim"]
[Black "Biedekoepper, Robert"]
[Result "0-1"]
[WhiteElo "1984"]
[BlackElo "2016"]
[PlyCount "72"]
[EventDate "2019.??.??"]
[SourceVersionDate "2020.03.16"]
[WhiteTeam "SG Ennepe-Ruhr-Süd 1"]
[BlackTeam "Godesberger SK 2"]

1. e4 e5 2. Nf3 Nf6 3. Nxe5 d6 4. Nf3 Nxe4 5. Nc3 Nxc3 6. dxc3 Be7 7. Bd3 Nc6
8. Bf4 Be6 9. Qd2 Qd7 10. O-O-O O-O-O 11. Ng5 Bxg5 12. Bxg5 f6 13. Be3 Ne5 14.
Bxa7 Qa4 15. Qe3 Qxa2 16. Kd2 Qd5 17. Bd4 c5 18. Bxe5 dxe5 19. Ke2 Qxg2 20.
Qxc5+ Qc6 21. Qb4 Bd5 22. Qg4+ Kb8 23. Rhg1 g6 24. Ra1 f5 25. Qb4 Bf3+ 26. Ke1
e4 27. Be2 Rhe8 28. Kf1 Bxe2+ 29. Kxe2 Qd6 30. Qa5 e3 31. Qa7+ Kc7 32. Rgd1
exf2+ 33. Kf1 Re1+ 34. Rxe1 fxe1=Q+ 35. Kxe1 Qe5+ 36. Kf1 Rd2 0-1

[Event "SG Ennepe-Ruhr-Süd 1 - Godesberger SK "]
[Site "NRW-Klasse - Gruppe 4 2019/20"]
[Date "2019.11.03"]
[Round "3.7"]
[White "Mueller-Boge, Michael"]
[Black "Schaefer, Martin"]
[Result "1-0"]
[WhiteElo "1973"]
[BlackElo "1904"]
[PlyCount "53"]
[EventDate "2019.??.??"]
[SourceVersionDate "2020.03.16"]
[WhiteTeam "Godesberger SK 2"]
[BlackTeam "SG Ennepe-Ruhr-Süd 1"]

1. e4 c5 2. Nf3 Nc6 3. d4 cxd4 4. Nxd4 e5 5. Nb5 d6 6. c4 Be7 7. N5c3 f5 8.
exf5 Bxf5 9. Bd3 Be6 10. Nd5 Nf6 11. Nbc3 O-O 12. O-O Kh8 13. a3 Rc8 14. Be3
Ng4 15. Qe2 Bg5 16. h3 Bxe3 17. fxe3 Nf6 18. b4 a6 19. Nxf6 Rxf6 20. Rxf6 Qxf6
21. Rf1 Qd8 22. Qh5 Qg8 23. Ne4 g6 24. Qh4 Rf8 25. Nxd6 Rxf1+ 26. Bxf1 g5 27.
Qh6 1-0

[Event "SG Ennepe-Ruhr-Süd 1 - Godesberger SK "]
[Site "NRW-Klasse - Gruppe 4 2019/20"]
[Date "2019.11.03"]
[Round "3.8"]
[White "Heinzemann, Thomas"]
[Black "Wulfken, Christof"]
[Result "0-1"]
[WhiteElo "1980"]
[BlackElo "1868"]
[Annotator "Daniel"]
[PlyCount "80"]
[EventDate "2019.??.??"]
[SourceVersionDate "2020.03.16"]
[WhiteTeam "SG Ennepe-Ruhr-Süd 1"]
[BlackTeam "Godesberger SK 2"]

1. e4 c5 2. Nf3 d6 3. d4 cxd4 4. Nxd4 Nf6 5. Nc3 a6 6. Bc4 e6 7. Bb3 Be7 8. Be3
Nc6 9. f3 Bd7 10. Qd2 Qc7 11. O-O-O Na5 12. Kb1 b5 13. Qf2 Nc4 14. Bc1 Rb8 15.
Qe2 O-O 16. g4 Rfc8 17. g5 Ne8 18. f4 b4 19. Qxc4 Qxc4 20. Bxc4 Rxc4 21. Nce2
e5 22. fxe5 dxe5 23. Nf5 Bxf5 24. exf5 Rbc8 $11 25. c3 bxc3 26. Nxc3 Bc5 27.
Nd5 Rb8 28. b3 Bd4 29. Bb2 Rc5 30. Ne7+ Kf8 31. Bxd4 exd4 32. Rde1 Rb7 33. g6
hxg6 34. Ng8 gxf5 35. Re2 d3 36. Re3 f4 37. Re4 Nd6 38. Rd4 Rc6 39. Nh6 gxh6
40. Rxf4 Nb5 0-1

[Event "Bergische SF 1 - SC Bonn Beuel 1"]
[Site "NRW-Klasse - Gruppe 4 2019/20"]
[Date "2019.11.03"]
[Round "3.1"]
[White "Haag, Martin"]
[Black "Bosbach, Stefan"]
[Result "1-0"]
[WhiteElo "2200"]
[BlackElo "2036"]
[PlyCount "107"]
[EventDate "2019.??.??"]
[SourceVersionDate "2020.03.16"]
[WhiteTeam "SC Bonn Beuel 1"]
[BlackTeam "Bergische SF 1"]

1. c4 e6 2. g3 c5 3. Bg2 Nc6 4. Nf3 Nf6 5. O-O Be7 6. d4 cxd4 7. Nxd4 O-O 8.
Nc3 a6 9. b3 Qc7 10. Bb2 d6 11. Rc1 Bd7 12. Nd5 Qd8 13. Nxe7+ Qxe7 14. Ba3 Ne8
15. Qd2 Rd8 16. Rfd1 Nxd4 17. Qxd4 Bc6 18. Rd2 Qc7 19. Rcd1 f5 20. Qe3 Rf6 21.
Bb2 Rg6 22. Bf3 Bxf3 23. exf3 Rc8 24. f4 Qe7 25. Re2 Rc6 26. Rde1 Qd7 27. Qd3
Nc7 28. Rd1 h5 29. Red2 b5 30. Be5 bxc4 31. bxc4 Ne8 32. Qf3 h4 33. Qa3 hxg3
34. hxg3 Qa7 35. Bxd6 Rxc4 36. Be5 Kh7 37. Qf3 Rc8 38. Rd7 Qa8 39. Qxa8 Rxa8
40. Re7 Nf6 41. Bxf6 Rxf6 42. Rdd7 Rg6 43. Rd6 Rc8 44. Rxa6 Rc4 45. Rexe6 Rxe6
46. Rxe6 Ra4 47. Re2 Ra3 48. Kf1 Kg6 49. Ke1 Kh5 50. Kd1 Kg4 51. Kc1 Ra6 52.
Kb2 Kf3 53. Rd2 Rb6+ 54. Kc3 1-0

[Event "Bergische SF 1 - SC Bonn Beuel 1"]
[Site "NRW-Klasse - Gruppe 4 2019/20"]
[Date "2019.11.03"]
[Round "3.2"]
[White "Harringer, Manfred"]
[Black "Lorenz, Roger"]
[Result "1-0"]
[WhiteElo "2054"]
[BlackElo "2162"]
[PlyCount "105"]
[EventDate "2019.??.??"]
[SourceVersionDate "2020.03.16"]
[WhiteTeam "Bergische SF 1"]
[BlackTeam "SC Bonn Beuel 1"]

1. e4 e6 2. d4 d5 3. Nd2 c5 4. exd5 Qxd5 5. Ngf3 cxd4 6. Bc4 Qd6 7. O-O Nf6 8.
Nb3 Nc6 9. Nbxd4 Nxd4 10. Qxd4 Qxd4 11. Nxd4 a6 12. Re1 Bd7 13. Bg5 Bc5 14.
Rad1 O-O-O 15. Nf3 Be8 16. Rxd8+ Kxd8 17. Ne5 Kc7 18. Be3 Bd6 19. Bd4 b5 20.
Bf1 Nd5 21. c4 Nb4 22. cxb5 axb5 23. Rc1+ Kb7 24. g3 f6 25. Nd3 Nxd3 26. Bxd3
Bc6 27. Be3 h5 28. h4 Be7 29. f4 Bd6 30. Kf2 e5 31. Rd1 Bc7 32. Bg6 Rh6 33. Bf7
Rh8 34. Bg6 Rh6 35. Bf7 f5 36. fxe5 Rh8 37. Bf4 g5 38. hxg5 h4 39. g6 Bb6+ 40.
Be3 hxg3+ 41. Kxg3 Bxe3 42. g7 f4+ 43. Kg4 Rh2 44. g8=Q Rg2+ 45. Kf5 Rxg8 46.
Bxg8 f3 47. Bd5 Bxd5 48. Rxd5 Kc6 49. Rd1 f2 50. e6 Bd2 51. Rf1 Be3 52. Kf6
Bd4+ 53. Kf7 1-0